[Event "89th Hastings Masters 2013-14"]
[Site "Hastings ENG"]
[Date "2013.12.31"]
[Round "4.34"]
[White "Roggensack, Hans Peter"]
[Black "Croad, Nicolas"]
[Result "1/2-1/2"]
[BlackTitle "FM"]
[WhiteElo "1972"]
[BlackElo "2272"]
[WhiteFideId "12904767"]
[BlackFideId "4300793"]
[EventDate "2013.12.28"]

1. e4 e6 2. d3 d5 3. Nd2 Nf6 4. Ngf3 Bc5 5. e5 Nfd7 6. d4 Bb6 7. Bd3 c5 8. c3
Nc6 9. dxc5 Nxc5 10. Nb3 Nxd3+ 11. Qxd3 Qc7 12. Qe2 Bd7 13. O-O a6 14. Re1 Ba7
15. Bf4 Ne7 16. Nfd4 Rc8 17. g4 Ng6 18. Bg3 Qc4 19. Kg2 Qxe2 20. Rxe2 h5 21. h3
Bb6 22. f4 Ne7 23. Bf2 Bd8 24. Be3 Ng6 25. Rf1 a5 26. a3 a4 27. Nd2 Ne7 28. N2f3
Ra8 29. Bf2 Nc8 30. Be3 Nb6 31. Nd2 Rc8 32. f5 Nc4 33. Nxc4 Rxc4 34. fxe6 fxe6
35. Ref2 hxg4 36. hxg4 Bc7 37. Bf4 O-O 38. Bg3 Rxf2+ 39. Rxf2 Bb6 40. Rd2 Rc8
41. Bf2 Bc7 42. Bg3 Bd8 43. Rf2 Ra8 44. Kh3 Ra6 45. Bh4 Bc7 46. Re2 Be8 47. Be7
Bd7 48. Bc5 Ra8 49. Kg3 Rc8 50. Kf4 Kf7 51. Bd6 Bb6 52. Kg3 Rh8 53. Rh2 Rxh2 54.
Kxh2 Bd8 55. b3 Bg5 56. bxa4 Bd2 57. Nb5 Bc6 58. Kg3 Kg6 59. Bb4 Be1+ 60. Kf4
Bd2+ 61. Kg3 Bc1 62. Nd4 Bd7 63. Kf3 Kf7 64. Nb3 Bg5 65. a5 Ba4 66. Nc5 Bc6 67.
Kg3 Be3 68. a6 Bxc5 69. Bxc5 bxa6 70. Kf4 Kg6 71. Bb6 Ba4 72. Bc5 Bc2 73. Bf8
Kf7 74. Bc5 Ke8 75. g5 Kd7 76. Ke3 Kc6 77. Kd4 Kb5 78. Bf8 g6 79. Be7 Bb3 80.
Bb4 Bc4 81. Bd6 Ka4 82. Bb4 a5 83. Be7 Kb3 84. Bd8 a4 85. Be7 Kb2 86. Bf8 Kc2 1/2-1/2

[Event "89th Hastings Masters 2013-14"]
[Site "Hastings ENG"]
[Date "2013.12.31"]
[Round "4.36"]
[White "Othman, Mustapha"]
[Black "Schuster, Martin"]
[Result "0-1"]
[WhiteElo "1914"]
[BlackElo "2209"]
[WhiteFideId "8500797"]
[BlackFideId "4651294"]
[EventDate "2013.12.28"]

1. e4 c6 2. d4 d5 3. Nc3 dxe4 4. Nxe4 Bf5 5. Ng3 Bg6 6. h4 h6 7. Nf3 Nd7 8. h5
Bh7 9. Bc4 e6 10. Qe2 Ngf6 11. a4 Bd6 12. a5 Qc7 13. Nf1 O-O-O 14. Ne3 Nd5 15.
Bxd5 exd5 16. g4 Rde8 17. Kd1 Nf6 18. Qf1 Ne4 19. Bd2 Bf4 20. Rh3 Re6 21. Ra3
Rhe8 22. Qg1 f6 23. Be1 Nd6 24. Bd2 Bxe3 25. fxe3 Nc4 26. Rb3 Nxa5 27. Ra3 Nc4
28. Rxa7 Kb8 29. Ra2 Nxe3+ 30. Kc1 Nc4 31. Qh2 Qxh2 32. Rxh2 Nxd2 33. Kxd2 Re4
34. Rg2 Rf4 35. Ra3 Ree4 36. Nh2 Rxd4+ 37. Kc1 Rfe4 38. b3 Re1+ 39. Kb2 Rde4 40.
Ra1 R4e2 41. Nf3 Rxg2 42. Rxe1 Rxc2+ 43. Ka3 Be4 44. Nh4 Ka7 45. Kb4 Kb6 46. Ka3
c5 47. Ng6 Rg2 48. Nf4 Rxg4 49. Ne6 Rg3 50. Kb2 Kb5 51. Rc1 b6 52. Ka3 d4 53.
Kb2 Bd5 54. Nf4 Rxb3+ 55. Ka1 Bf7 56. Ne2 Bxh5 57. Ka2 Kb4 58. Nf4 Bf7 59. Ka1
c4 60. Ka2 g5 61. Ne2 Ra3+ 62. Kb2 c3+ 63. Kc2 Bg6+ 64. Kd1 d3 65. Nxc3 Rxc3 66.
Rb1+ Rb3 67. Rc1 Rb2 68. Rc6 Rc2 69. Rxb6+ Kc5 70. Rb1 Bh5+ 71. Ke1 d2+ 72. Kf2
d1=Q+ 73. Kg3 Qg4# 0-1

[Event "89th Hastings Masters 2013-14"]
[Site "Hastings ENG"]
[Date "2013.12.31"]
[Round "4.37"]
[White "Kewes, Gerd"]
[Black "Willson, Ollie"]
[Result "1/2-1/2"]
[WhiteElo "2200"]
[BlackElo "1833"]
[WhiteFideId "4680588"]
[BlackFideId "424714"]
[EventDate "2013.12.28"]

1. d4 Nf6 2. c4 c5 3. d5 e6 4. Nc3 exd5 5. cxd5 d6 6. Nf3 g6 7. h3 Bg7 8. Bf4
O-O 9. e3 a6 10. a4 Qe7 11. Nd2 Nbd7 12. Be2 Ne8 13. Nc4 Ne5 14. Nb6 Rb8 15. O-O
f5 16. Rb1 g5 17. Nxc8 Rxc8 18. Bxe5 Bxe5 19. Qc2 Ng7 20. Rbe1 Rce8 21. Bd1 Qf6
22. f4 gxf4 23. exf4 Bd4+ 24. Kh1 Qh4 25. Qd2 Kh8 26. Kh2 Nh5 27. Bxh5 Qxh5 28.
Re6 Rf6 1/2-1/2

[Event "89th Hastings Masters 2013-14"]
[Site "Hastings ENG"]
[Date "2013.12.31"]
[Round "4.38"]
[White "Staniforth, Matthew"]
[Black "Sugden, John N"]
[Result "0-1"]
[WhiteElo "1899"]
[BlackElo "2138"]
[WhiteFideId "1802593"]
[BlackFideId "402001"]
[EventDate "2013.12.28"]

1. b3 e5 2. Bb2 Nc6 3. e3 Nf6 4. Bb5 Bd6 5. Nf3 e4 6. Nd4 Nxd4 7. exd4 c6 8. Be2
Bc7 9. O-O d5 10. f4 exf3 11. Bxf3 Qd6 12. Qe2+ Be6 13. g3 O-O-O 14. Ba3 Qd7 15.
Nc3 Rde8 16. Qd1 h5 17. Na4 b6 18. Qe2 h4 19. Qa6+ Kb8 20. Bc5 hxg3 21. hxg3 Qc8
22. Qxc8+ Kxc8 0-1

[Event "89th Hastings Masters 2013-14"]
[Site "Hastings ENG"]
[Date "2013.12.31"]
[Round "4.40"]
[White "Spanton, Tim R"]
[Black "Low, Zhen Yu Cyrus"]
[Result "0-1"]
[WhiteElo "2008"]
[BlackElo "1868"]
[WhiteFideId "404802"]
[BlackFideId "5804175"]
[EventDate "2013.12.28"]

1. d4 Nf6 2. Nf3 e6 3. Bf4 c5 4. e3 b6 5. Nbd2 Bb7 6. Bd3 d6 7. O-O Be7 8. h3
O-O 9. Re1 Nc6 10. c3 Re8 11. e4 e5 12. Be3 cxd4 13. cxd4 exd4 14. Nxd4 d5 15.
exd5 Nxd4 16. Bxd4 Qxd5 17. Nf3 Rad8 18. Qa4 Qd6 19. Rad1 Bxf3 20. gxf3 Qb4 21.
Bb5 Rf8 22. Bc3 Qxa4 23. Bxa4 Rxd1 24. Bxd1 Bc5 25. b4 Bd6 26. Bb3 Rc8 27. Re3
Kf8 28. a3 Nh5 29. Rd3 Nf4 30. Bxg7+ Kxg7 31. Rxd6 Rc3 32. Bxf7 Kxf7 33. Rd7+
Kg6 34. Rxa7 Nxh3+ 35. Kg2 Nf4+ 36. Kg3 Ne2+ 37. Kg2 Nf4+ 38. Kg3 Ne2+ 39. Kg2
Nd4 40. Rd7 Nf5 41. Rb7 Rc6 42. a4 Nd6 43. Rd7 Nc4 44. b5 Rf6 45. Rd4 Na5 46.
Kg3 Nb3 47. Rc4 Rxf3+ 48. Kg4 Rf6 49. f4 Na5 50. Rc8 h5+ 51. Kg3 Nb3 52. Rg8+
Kh7 53. Rg5 Rg6 54. Kh4 Rxg5 55. Kxg5 Nc5 56. f5 Kg7 57. Kxh5 Nxa4 0-1

[Event "89th Hastings Masters 2013-14"]
[Site "Hastings ENG"]
[Date "2013.12.31"]
[Round "4.41"]
[White "ter Steeg, Marcus"]
[Black "French, Max"]
[Result "1-0"]
[WhiteElo "1942"]
[BlackElo "1718"]
[WhiteFideId "24676799"]
[BlackFideId "426652"]
[EventDate "2013.12.28"]

1. d4 Nf6 2. c4 e6 3. Nc3 Bb4 4. Qc2 O-O 5. a3 Bxc3+ 6. Qxc3 b6 7. Bg5 Bb7 8. e3
d6 9. Ne2 Nbd7 10. Qd3 h6 11. Bh4 c5 12. Nc3 Re8 13. Nb5 Nf8 14. dxc5 dxc5 15.
Nd6 Re7 16. Bxf6 gxf6 17. Nxb7 Qxd3 18. Bxd3 Rxb7 19. Be4 Rab8 20. Bxb7 Rxb7 21.
O-O-O Ng6 22. Rd8+ Kg7 23. Rhd1 Ne5 24. b3 Ng4 25. R1d7 Rxd7 26. Rxd7 Nxh2 27.
Kd2 Ng4 28. Ke2 a6 29. Rb7 b5 30. cxb5 1-0

[Event "89th Hastings Masters 2013-14"]
[Site "Hastings ENG"]
[Date "2013.12.31"]
[Round "4.42"]
[White "Gunn, Michael J"]
[Black "Flynn, David"]
[Result "1/2-1/2"]
[WhiteElo "1727"]
[BlackElo "1932"]
[WhiteFideId "409030"]
[BlackFideId "410594"]
[EventDate "2013.12.28"]

1. c4 g6 2. g3 Bg7 3. Bg2 d6 4. Nc3 e5 5. d3 f5 6. e3 c6 7. Nge2 Nf6 8. O-O O-O
9. Qb3 Nbd7 10. d4 Qb6 11. Na4 Qxb3 12. axb3 a6 13. Nac3 Nb6 14. c5 exd4 15.
exd4 dxc5 16. dxc5 Nbd5 17. Nf4 Nxf4 18. Bxf4 Be6 19. Bd6 Rf7 20. b4 Rd8 21.
Rfe1 Bc4 22. Rad1 Re8 23. h3 Bf8 24. Rxe8 Nxe8 25. Bxf8 Kxf8 26. Rd2 Nf6 27. f4
Re7 28. Kf2 Kf7 29. Rd4 Bb3 30. Rd2 Bc4 31. Rd4 Bb3 32. Rd2 Bc4 1/2-1/2

[Event "89th Hastings Masters 2013-14"]
[Site "Hastings ENG"]
[Date "2013.12.31"]
[Round "4.45"]
[White "McKenna, John R"]
[Black "Dean, Michael J"]
[Result "1-0"]
[WhiteElo "1735"]
[BlackElo "1597"]
[WhiteFideId "406180"]
[BlackFideId "416100"]
[EventDate "2013.12.28"]

1. d4 Nf6 2. Nf3 g6 3. Bg5 Bg7 4. Nbd2 O-O 5. c3 d6 6. e4 Nbd7 7. Be2 b6 8. O-O
Bb7 9. Qc2 Rc8 10. Rac1 c5 11. Qb1 h6 12. Be3 Ng4 13. h3 Nxe3 14. fxe3 Nf6 15.
Nh2 Rb8 16. Rce1 e5 17. Ng4 Nxg4 18. Bxg4 h5 19. Be2 Bc8 20. Nf3 Bh6 21. Bd3 Qe7
22. Qc2 g5 23. Qf2 Kh8 24. h4 Bg4 25. Nxg5 Bxg5 26. hxg5 Qxg5 27. Qf6+ Qxf6 28.
Rxf6 Rbd8 29. Bc4 Kg7 30. Ref1 Be6 31. Be2 h4 32. d5 Bc8 33. Bh5 Ba6 34. R1f2
Rd7 35. Kh2 Bd3 36. Bg6 Rdd8 37. Bxf7 Bxe4 38. c4 Bd3 39. b3 Bb1 40. Kh3 Bh7 41.
Kxh4 Rh8 42. Kg5 Rhf8 43. Bg6 Rxf6 44. Rxf6 Bxg6 45. Rxg6+ Kf7 46. Kf5 Ke7 47.
Rg7+ Kf8 48. Rxa7 Kg8 49. Ke6 Kf8 50. Rd7 Rb8 51. Kxd6 Ke8 52. Rh7 Rd8+ 53. Kxe5 1-0

[Event "89th Hastings Masters 2013-14"]
[Site "Hastings ENG"]
[Date "2013.12.31"]
[Round "4.46"]
[White "Mitchell, Robert1"]
[Black "Macrae, James S"]
[Result "0-1"]
[WhiteElo "1674"]
[BlackElo "1736"]
[WhiteFideId "4302095"]
[BlackFideId "2401797"]
[EventDate "2013.12.28"]

1. d4 d5 2. Nf3 Nc6 3. c4 Bg4 4. e3 e5 5. Be2 e4 6. Nfd2 Bxe2 7. Qxe2 Nb4 8. O-O
Nc2 9. Nb3 Nxa1 10. Nxa1 c6 11. Nc3 a6 12. cxd5 cxd5 13. a3 Nf6 14. Nc2 Bd6 15.
g3 O-O 16. Ne1 Qd7 17. f3 exf3 18. Qxf3 Qe6 19. Ng2 b5 20. Nf4 Bxf4 21. Qxf4
Rfc8 22. Bd2 Rc6 23. Nd1 Qe4 24. Qxe4 Nxe4 25. Bb4 g6 26. Nc3 Nxc3 27. Bxc3 Re8
28. Rf3 Kg7 29. Kf2 Rf6 30. Rf4 Rxf4+ 31. gxf4 Kf6 32. Kf3 Kf5 33. Bb4 g5 34.
fxg5 Kxg5 35. Be1 Re4 36. Bg3 Kf5 37. Bf4 Re6 38. Ke2 Ke4 39. Kd2 Rf6 40. Bg3
Rf3 41. Bf4 Rxf4 42. exf4 Kxf4 43. Kd3 Kf3 44. h4 h5 45. Kd2 Ke4 46. Kc3 a5 47.
b3 f5 0-1

[Event "89th Hastings Masters 2013-14"]
[Site "Hastings ENG"]
[Date "2014.01.01"]
[Round "5.5"]
[White "Tomczak, Jacek"]
[Black "Foisor, Ovidiu-Doru"]
[Result "1-0"]
[WhiteTitle "GM"]
[BlackTitle "IM"]
[WhiteElo "2569"]
[BlackElo "2397"]
[WhiteFideId "1124668"]
[BlackFideId "1200143"]
[EventDate "2013.12.28"]

1. e4 c5 2. Nf3 a6 3. c3 e6 4. d4 d5 5. e5 Bd7 6. Bd3 cxd4 7. cxd4 Bb5 8. Bc2
Bb4+ 9. Bd2 a5 10. Nc3 Bxc3 11. Bxc3 Nc6 12. Qd2 Nge7 13. h4 Qb6 14. h5 h6 15.
Nh4 Rc8 16. Rh3 Nb4 17. Bb1 Qc7 18. f4 f5 19. exf6 gxf6 20. a3 Nbc6 21. Bg6+ Kd7
22. O-O-O f5 23. Re1 Rcf8 24. Rhe3 Rf6 25. g3 Bc4 26. Kb1 b5 27. g4 Rb8 28. g5
Rxg6 29. Nxg6 Nxg6 30. Rxe6 Nxf4 31. Rxh6 Bd3+ 32. Ka1 Be4 33. Rh7+ Ne7 34. Bxa5
Qc4 35. Qxf4 1-0

[Event "89th Hastings Masters 2013-14"]
[Site "Hastings ENG"]
[Date "2014.01.01"]
[Round "5.6"]
[White "Hebden, Mark L"]
[Black "Fernandez, Daniel Howard"]
[Result "1/2-1/2"]
[WhiteTitle "GM"]
[BlackTitle "IM"]
[WhiteElo "2560"]
[BlackElo "2381"]
[WhiteFideId "400084"]
[BlackFideId "5801605"]
[EventDate "2013.12.28"]

1. e4 e5 2. Bc4 Nf6 3. d3 c6 4. Nf3 d5 5. Bb3 Bd6 6. O-O dxe4 7. Ng5 O-O 8. Nxe4
Nxe4 9. dxe4 Qe7 10. Nd2 Nd7 11. Nc4 Bc7 12. f4 b5 13. Nxe5 Nxe5 14. fxe5 Bxe5
15. Qh5 g6 16. Qh6 Be6 17. Bg5 f6 18. Qh3 fxg5 19. Qxe6+ Qxe6 20. Bxe6+ Kg7 21.
c3 Rad8 22. Rxf8 Kxf8 23. a4 Ke7 24. Bb3 Rd2 25. axb5 Rxb2 26. Bg8 cxb5 27.
Rxa7+ Kd6 28. Rxh7 Bxc3 29. g3 Bd4+ 30. Kf1 b4 31. Rh6 Ke5 32. Rxg6 Kxe4 33.
Rxg5 Rxh2 34. Bd5+ Kd3 35. Rf5 Rb2 1/2-1/2

[Event "89th Hastings Masters 2013-14"]
[Site "Hastings ENG"]
[Date "2014.01.01"]
[Round "5.8"]
[White "Hawkins, Jonathan"]
[Black "Sowray, Peter J"]
[Result "1/2-1/2"]
[WhiteTitle "IM"]
[BlackTitle "FM"]
[WhiteElo "2512"]
[BlackElo "2326"]
[WhiteFideId "412686"]
[BlackFideId "400971"]
[EventDate "2013.12.28"]

1. d4 e6 2. c4 Bb4+ 3. Bd2 a5 4. Nf3 d6 5. Nc3 Nf6 6. Qc2 Qe7 7. a3 Bxc3 8. Bxc3
Nc6 9. e4 e5 10. d5 Nb8 11. c5 O-O 12. Be2 Na6 13. cxd6 cxd6 14. Nd2 Nc5 15. b4
axb4 16. axb4 Rxa1+ 17. Bxa1 Na6 18. Qb3 Bg4 19. f3 Bd7 20. Bb2 Nh5 21. g3 f5
22. f4 exf4 23. Bxh5 fxe4 24. O-O e3 25. Nc4 Bh3 26. Rxf4 Rxf4 27. gxf4 Qh4 28.
Qxe3 Qxh5 29. Kf2 Qh4+ 30. Qg3 Qxg3+ 31. Kxg3 Bd7 32. b5 Nc7 33. Nxd6 Nxd5 34.
Nxb7 Bxb5 35. Nd6 1/2-1/2

[Event "89th Hastings Masters 2013-14"]
[Site "Hastings ENG"]
[Date "2014.01.01"]
[Round "5.10"]
[White "Harvey, Marcus R"]
[Black "Arkell, Keith C"]
[Result "0-1"]
[BlackTitle "GM"]
[WhiteElo "2269"]
[BlackElo "2438"]
[WhiteFideId "400092"]
[BlackFideId "400270"]
[EventDate "2013.12.28"]

1. g3 d5 2. Bg2 e5 3. c4 d4 4. d3 Nc6 5. a3 a5 6. Nf3 Nf6 7. O-O Be7 8. Bg5 Nd7
9. Bxe7 Qxe7 10. e3 dxe3 11. fxe3 e4 12. Nd4 exd3 13. Qxd3 Nc5 14. Qc3 O-O 15.
Nd2 a4 16. Rae1 Ne5 17. N2f3 Nxf3+ 18. Rxf3 Bd7 19. e4 Qe5 20. Qe3 Rad8 21. Rf2
Bg4 22. Rd2 Rd7 23. Nf3 Bxf3 24. Bxf3 Rxd2 25. Qxd2 Nb3 26. Qb4 Qxb2 27. Rd1 Qf6
28. Bg2 Rd8 29. Rxd8+ Qxd8 30. Qxb7 Qd4+ 31. Kf1 Qxc4+ 32. Kf2 Qd4+ 33. Kf3 g6
34. Qxc7 Nd2+ 35. Kf4 Nc4 36. Kg5 Kg7 37. Kh4 Nxa3 38. Qa5 Nc2 39. Kh3 a3 40. e5
Ne3 41. Bf3 Nc4 42. Qa6 Qxe5 43. Qa4 Ne3 44. g4 Qb2 0-1

[Event "89th Hastings Masters 2013-14"]
[Site "Hastings ENG"]
[Date "2014.01.01"]
[Round "5.13"]
[White "Cherniaev, Alexander"]
[Black "Wadsworth, Matthew J"]
[Result "1/2-1/2"]
[WhiteTitle "GM"]
[WhiteElo "2434"]
[BlackElo "2188"]
[WhiteFideId "4117301"]
[BlackFideId "415804"]
[EventDate "2013.12.28"]

1. Nf3 d5 2. d4 Nf6 3. g3 c6 4. Bg2 Bf5 5. c4 e6 6. Nc3 h6 7. Qb3 Qc8 8. Bf4
Nbd7 9. O-O Be7 10. Rac1 dxc4 11. Qxc4 O-O 12. Qb3 Nd5 13. Ne5 Nxc3 14. bxc3
Nxe5 15. Bxe5 Qd7 16. Rfd1 Rac8 17. c4 b5 18. c5 f6 19. Bf4 g5 20. Bd2 Bg6 21.
Bc3 Bf7 22. Qc2 Qc7 23. a4 a5 24. axb5 cxb5 25. Bb2 a4 26. Ba3 Kg7 27. e4 Rfd8
28. Bb4 Qa7 29. d5 exd5 30. exd5 a3 31. h3 a2 32. Kh2 Bg6 33. Qe2 Bb1 34. Rxb1 1/2-1/2

[Event "89th Hastings Masters 2013-14"]
[Site "Hastings ENG"]
[Date "2014.01.01"]
[Round "5.15"]
[White "McPhillips, Joseph"]
[Black "Radovanovic, Jovica"]
[Result "0-1"]
[BlackTitle "FM"]
[WhiteElo "2199"]
[BlackElo "2339"]
[WhiteFideId "422487"]
[BlackFideId "915912"]
[EventDate "2013.12.28"]

1. e4 c5 2. Nf3 e6 3. d4 cxd4 4. Nxd4 Nc6 5. Nb5 d6 6. c4 Nf6 7. N1c3 a6 8. Na3
Be7 9. Be2 O-O 10. O-O b6 11. Be3 Bb7 12. f3 Ne5 13. Qd4 Ned7 14. b4 Qc7 15.
Rac1 Rac8 16. Bf2 Rfd8 17. Qe3 Qb8 18. Na4 d5 19. exd5 exd5 20. Nxb6 Nxb6 21.
Qxb6 Bd6 22. g3 d4 23. Qxd4 Bxb4 24. Qb2 a5 25. Nb5 Rd2 26. Rc2 Rxe2 27. Rxe2
Bxf3 28. Rc2 Ba8 29. Be1 Bc5+ 30. Bf2 Qb7 31. Bxc5 Rxc5 32. Nd4 Qh1+ 33. Kf2
Qxh2+ 34. Ke1 Qxg3+ 35. Kd1 Qd3+ 36. Ke1 Rc8 37. Nf5 Rd8 38. Rd2 Qe4+ 39. Re2
Qxc4 40. Rg1 Bf3 41. Rxg7+ Kh8 42. Rgg2 Qb4+ 43. Rd2 Re8+ 44. Re2 Rxe2+ 45. Kf1
Qxb2 0-1

[Event "89th Hastings Masters 2013-14"]
[Site "Hastings ENG"]
[Date "2014.01.01"]
[Round "5.19"]
[White "Sugden, John N"]
[Black "Erzhanov, Arman"]
[Result "0-1"]
[BlackTitle "FM"]
[WhiteElo "2138"]
[BlackElo "2325"]
[WhiteFideId "402001"]
[BlackFideId "4138821"]
[EventDate "2013.12.28"]

1. d4 d6 2. e4 Nf6 3. f3 d5 4. e5 Nfd7 5. f4 c5 6. c3 Nc6 7. Nf3 cxd4 8. cxd4
Nb6 9. Be2 Bf5 10. O-O e6 11. a3 Be7 12. b3 O-O 13. Bb2 Qd7 14. Bd3 Bxd3 15.
Qxd3 a5 16. a4 Nb4 17. Qd2 Nc8 18. Na3 Na7 19. Rfc1 Rfc8 20. Rxc8+ Rxc8 21. Rc1
Rc6 22. Ne1 Qc7 23. Rxc6 bxc6 24. Nd3 Nxd3 25. Qxd3 Qb6 26. Nc2 c5 27. Ba3 c4
28. bxc4 Qb1+ 29. Qf1 Qxc2 30. Bxe7 Nc6 31. Bc5 dxc4 32. Qf3 Qxa4 33. f5 h6 34.
fxe6 fxe6 35. Qh3 Qd1+ 36. Kf2 Nxd4 37. Qc3 Qe2+ 38. Kg1 Qd1+ 39. Kf2 Qe2+ 40.
Kg1 Nb3 41. Bd6 Nd2 0-1

[Event "89th Hastings Masters 2013-14"]
[Site "Hastings ENG"]
[Date "2014.01.01"]
[Round "5.24"]
[White "Taylor, Adam C"]
[Black "Kett, Tim"]
[Result "1-0"]
[WhiteElo "2025"]
[BlackElo "2223"]
[WhiteFideId "424668"]
[BlackFideId "1801210"]
[EventDate "2013.12.28"]

1. c4 e5 2. g3 Nf6 3. Bg2 Nc6 4. Nc3 Bc5 5. Nf3 d6 6. O-O O-O 7. d3 h6 8. a3 a5
9. e3 Bg4 10. h3 Bh5 11. Qc2 Qd7 12. Kh2 Rad8 13. Rb1 Bg6 14. Ng1 Kh8 15. Nge2
Qf5 16. e4 Qh5 17. f3 Nd4 18. Nxd4 Bxd4 19. Ne2 Ba7 20. Bd2 Nh7 21. f4 Qxe2 22.
Rbe1 Bg1+ 23. Kxg1 Qh5 24. f5 Ng5 25. Bxg5 Qxg5 26. fxg6 Qxg3 27. gxf7 Rd7 28.
Qe2 Rdxf7 29. Rxf7 Rxf7 30. Rf1 Rxf1+ 31. Qxf1 Qe3+ 32. Kh1 Qd2 33. Bf3 Qf4 34.
Be2 Qh4 35. Bg4 g6 36. Be6 h5 37. Qf8+ Kh7 38. Bg8+ 1-0

[Event "89th Hastings Masters 2013-14"]
[Site "Hastings ENG"]
[Date "2014.01.01"]
[Round "5.25"]
[White "Schuster, Martin"]
[Black "Stonehouse, Tom H"]
[Result "1-0"]
[WhiteElo "2209"]
[BlackElo "1772"]
[WhiteFideId "4651294"]
[BlackFideId "423092"]
[EventDate "2013.12.28"]

1. e4 c5 2. c3 d5 3. exd5 Qxd5 4. d4 Nf6 5. Nf3 e6 6. Bd3 Be7 7. O-O O-O 8. Bg5
Nc6 9. c4 Qd8 10. dxc5 Bxc5 11. a3 e5 12. Nc3 Bg4 13. Ne4 Be7 14. h3 Bxf3 15.
Qxf3 Nd4 16. Nxf6+ Bxf6 17. Qe4 g6 18. Bxf6 Qxf6 19. b4 Rad8 20. Rad1 Qe7 21. f4
f6 22. fxe5 fxe5 23. Rxf8+ Rxf8 24. Re1 Qg5 25. Qd5+ Rf7 26. Rf1 Qe7 27. Rxf7
Qxf7 28. Qxe5 Nc6 29. Qe3 Qf6 30. Be4 Qa1+ 31. Kf2 Qb2+ 32. Kg1 Qa1+ 33. Kh2
Qe5+ 34. g3 Qb2+ 35. Bg2 Ne5 36. c5 h5 37. b5 Kg7 38. Qe4 h4 39. gxh4 Nf7 40. a4
a6 41. c6 bxc6 42. bxa6 Qb8+ 43. Kh1 Ne5 44. a7 1-0

[Event "89th Hastings Masters 2013-14"]
[Site "Hastings ENG"]
[Date "2014.01.01"]
[Round "5.26"]
[White "Anderson, John"]
[Black "Brewer, Callum D"]
[Result "1/2-1/2"]
[WhiteElo "2195"]
[BlackElo "1693"]
[WhiteFideId "405353"]
[BlackFideId "435309"]
[EventDate "2013.12.28"]

1. e4 c6 2. d4 d5 3. exd5 cxd5 4. c4 Nf6 5. Nc3 Nc6 6. Nf3 Bg4 7. cxd5 Nxd5 8.
Qb3 Bxf3 9. gxf3 e6 10. Qxb7 Nxd4 11. Bb5+ Nxb5 12. Qc6+ Ke7 13. Qxb5 Qd7 14.
Nxd5+ Qxd5 15. Bg5+ f6 16. Qxd5 exd5 17. Be3 Ke6 18. O-O-O Rd8 19. Bxa7 Ra8 20.
Rhe1+ Kf7 21. Be3 Rxa2 22. Kc2 Ra5 23. Ra1 Rxa1 24. Rxa1 Bd6 25. Ra7+ Kg6 26. h3
Rc8+ 27. Kd3 Rc4 28. Rd7 Be5 29. Rxd5 Rb4 30. f4 Bxf4 31. Rd4 Rxd4+ 32. Bxd4 Kf5
33. b4 g5 34. Ba7 g4 35. hxg4+ Kxg4 36. Ke2 h5 37. b5 h4 38. Kf1 Kf3 39. Bd4 h3
40. Kg1 h2+ 41. Kh1 f5 42. b6 Bd6 43. Bf6 Kxf2 44. Bd8 Bc5 45. b7 Bd6 1/2-1/2

[Event "89th Hastings Masters 2013-14"]
[Site "Hastings ENG"]
[Date "2014.01.01"]
[Round "5.27"]
[White "Obsieger, Hendrik"]
[Black "Rayner, Francis"]
[Result "0-1"]
[WhiteElo "1873"]
[BlackElo "2192"]
[WhiteFideId "12945137"]
[BlackFideId "1800132"]
[EventDate "2013.12.28"]

1. e4 c5 2. Nf3 g6 3. d3 Bg7 4. Be2 Nc6 5. O-O Nf6 6. c3 d6 7. Nbd2 O-O 8. Re1
e5 9. Qc2 d5 10. Nf1 h6 11. Ne3 Re8 12. a4 Be6 13. b3 Rc8 14. Bb2 Nd4 15. cxd4
cxd4 16. Nc4 dxc4 17. bxc4 Nd7 18. Nd2 Nc5 19. Nb3 Na6 20. Qd2 Qb6 21. Bd1 Bf8
22. Ba3 Bb4 23. Bxb4 Qxb4 24. a5 Qxd2 25. Nxd2 Nc5 26. Bc2 Bd7 27. Reb1 Rc7 28.
Kf1 Kg7 29. Ke2 f5 30. f3 fxe4 31. Nxe4 Nxe4 32. fxe4 Bg4+ 33. Kd2 Rf8 34. Rf1
Rcf7 35. Rxf7+ Rxf7 36. Ke1 Rc7 37. Rb1 Bd7 38. Ke2 Kf6 39. Rb4 Ke7 40. Ba4 Bg4+
41. Kd2 Kd6 42. Be8 g5 43. Rb1 Re7 44. Ba4 Be6 45. Ke2 Rc7 46. Be8 Rc5 47. Rxb7
Rxa5 48. Rb3 Ra2+ 49. Kf3 g4+ 50. Kg3 Rc2 51. Ra3 Rc3 52. Rxa7 Rxd3+ 53. Kf2 Re3
54. Bf7 Bxf7 55. Rxf7 Rxe4 56. Rf6+ Kc5 57. Rxh6 Kxc4 58. Rc6+ Kd3 59. Ra6 Rf4+
60. Ke1 Ke3 61. Ra3+ d3 0-1

[Event "89th Hastings Masters 2013-14"]
[Site "Hastings ENG"]
[Date "2014.01.01"]
[Round "5.29"]
[White "Low, Zhen Yu Cyrus"]
[Black "Haria, Ravi"]
[Result "0-1"]
[WhiteElo "1868"]
[BlackElo "2160"]
[WhiteFideId "5804175"]
[BlackFideId "415820"]
[EventDate "2013.12.28"]

1. e4 e6 2. d4 d5 3. e5 c5 4. c3 Nc6 5. Nf3 Bd7 6. Be2 f6 7. O-O cxd4 8. cxd4
Nh6 9. Nc3 Nf7 10. Re1 fxe5 11. dxe5 Bc5 12. Bd3 O-O 13. Qc2 Nfxe5 14. Nxe5 Nxe5
15. Bxh7+ Kh8 16. Nd1 Bd6 17. Re3 Rc8 18. Nc3 Ng4 19. Qe2 Bxh2+ 20. Kh1 Nxf2+
21. Kxh2 Qh4+ 22. Rh3 Nxh3 23. g3 Qxh7 24. Qg4 Nf2+ 25. Qh4 Qxh4+ 26. gxh4 d4
27. Ne2 d3 0-1

[Event "89th Hastings Masters 2013-14"]
[Site "Hastings ENG"]
[Date "2013.12.31"]
[Round "5.35"]
[White "McKenna, John R"]
[Black "Kewes, Gerd"]
[Result "0-1"]
[WhiteElo "1735"]
[BlackElo "2200"]
[WhiteFideId "406180"]
[BlackFideId "4680588"]
[EventDate "2013.12.28"]

1. d4 Nf6 2. Nf3 g6 3. c3 Bg7 4. Bg5 d6 5. Nbd2 c5 6. e3 cxd4 7. cxd4 O-O 8. Bd3
Nc6 9. O-O Bd7 10. Rc1 Nb4 11. Bb1 Bb5 12. Re1 Nd3 13. Bxd3 Bxd3 14. Qb3 Ba6 15.
Rc2 Qd7 16. Rec1 Rac8 17. h3 Rfe8 18. Bf4 h6 19. Bg3 b6 20. Qa3 Rxc2 21. Rxc2
Rc8 22. Rxc8+ Bxc8 23. Qb3 Bb7 24. a4 Bc6 25. a5 bxa5 26. Qb8+ Kh7 27. Nc4 a4
28. Na5 Bd5 29. Qb4 a6 30. Nd2 Qb5 31. Qc3 Ba8 32. Nac4 Nd5 33. Qc1 Nb4 34. Qc3
f5 35. Na3 Qb7 36. f3 Nd5 37. Qd3 Qxb2 38. Nac4 Qc3 39. Qxc3 Nxc3 40. Be1 Nb5
41. Nb1 Bd5 42. Nca3 e5 43. dxe5 Bxe5 44. Bb4 f4 45. e4 Be6 46. Nxb5 axb5 47.
Nc3 a3 0-1